00955 2200337 4500001002100000005001500021035002000036007000300056008004100059040001700100100001700117245007200134250001000206300003600216020002200252041000800274082001100282084001700293260003300310500002800343600003200371700003200403850001000435990002400445990002400469990002400493990002500517990002500542990002500567990002500592INLIS00000000000245820260602074427 a0010-0220000309ta260602 0  aSBPUPADbInd0 aIrene Astrid1 aRamuan Pembuat Bahagai /cIrene Astrid, Editor: Sisilia Triana Dewi aEd. 1 aviii, 35 hlm. :bilus. ;c28 cm a978-979-29-5011-30 aInd a398.23 a398.23 IRE r aYogyakarta :bRainbow,c2015 aProfil Penulis, 37 hlm 4aAdat Istiadat dan Kebiasaan0 aEditor: Sisilia Triana Dewi aPUPAD a34.106/DAK/DPK/2019 a34.104/DAK/DPK/2019 a34.104/DAK/DPK/2019 a31.229/APBD/DPK/2019 a31.230/APBD/DPK/2019 a31.231/APBD/DPK/2019 a31.232/APBD/DPK/2019